| 000 | 01079nam a2200277Ia 4500 | ||
|---|---|---|---|
| 003 | OSt | ||
| 005 | 20221005104447.0 | ||
| 006 | a|||||r|||| 00| 0 | ||
| 007 | ta | ||
| 008 | 221004b |||||||| |||| 00| 0 hin d | ||
| 020 |
_a9788121504232 (hbk) _c2590 |
||
| 024 | _a118625 | ||
| 037 |
_b269, 28/03/2012, University Book House _cTextual |
||
| 040 |
_aCRL _cCRL _bhin |
||
| 041 |
_2hin _ahin |
||
| 082 | _aP15:A, 152K0;Q1 | ||
| 100 | _aरायबहादुर | ||
| 245 | 0 | _aभारतीय प्राचीन लिपिमाला | |
| 246 | _aBhāratīya prāchīn lipimālā | ||
| 260 |
_aदिल्ली _bमुंशीराम मनोहरलाल भारत _c2011 |
||
| 300 |
_a188पृ0 _ccm. |
||
| 650 | _aहिन्दी भाषा | ||
| 700 | _a ओझा, गौरीशंकर हीराचंद | ||
| 942 |
_hP15:A, 152K0;Q1 _cTEXL _2cc |
||
| 999 |
_c1012780 _d1012780 |
||